| 000 | 01449nac a22002891u 4500 | ||
|---|---|---|---|
| 010 | _a2005272292 | ||
| 020 | _a0750677759 (acid-free paper) | ||
| 035 | _a(OCoLC)ocm57764555 | ||
| 082 | 0 | 0 | _a622.3381 |
| 090 |
_c5719 _d5719 |
||
| 100 | _a20080729 | ||
| 245 | 0 | 0 |
_aDrilling fluids processing handbook / _cASME. |
| 260 |
_aAmsterdam ; _aBoston : _bElsevier, Gulf Professional Pub.,2005 _cc2005. |
||
| 300 |
_axxvi, 666 p. : _bill. ; _c24 cm. |
||
| 500 | _a"ASME Shale Shaker Committee"--Cover p. 4. | ||
| 500 | _aDistributer: Baccah | ||
| 504 | _aIncludes bibliographical references and index. | ||
| 511 | _aCatalogued by :Mesameh | ||
| 520 | _aDescribes the method and mechanical systems available to control drilled solids in drilling fluids used in oil well drilling. Explains the fundamentals of good solids control, which is financially rewarding. | ||
| 650 | 0 |
_aDrilling muds _vHandbooks, manuals, etc. |
|
| 650 | 0 |
_aShale shakers _vHandbooks, manuals, etc. |
|
| 710 | 2 |
_aAmerican Society of Mechanical Engineers. _bShale Shaker Committee. |
|
| 856 | 4 | 2 |
_3Publisher description _uhttp://www.loc.gov/catdir/enhancements/fy0626/2005272292-d.html |
| 856 | 4 | 2 |
_3Table of contents only _uhttp://www.loc.gov/catdir/enhancements/fy0626/2005272292-t.html |
| 942 |
_cBB _k622.3381ASM |
||
| 999 |
_c5719 _d5719 |
||